|
|
|
|
| LEADER |
00953cam a2200253 7i4500 |
| 001 |
0000068479 |
| 005 |
20220519090000.0 |
| 020 |
|
|
|a 9781003019190 (electronic book)
|
| 090 |
0 |
0 |
|a HM511
|b .G86 2020
|
| 100 |
1 |
|
|a Gunderson, Ryan
|
| 245 |
1 |
0 |
|a Making the familiar strange :
|b sociology contra reification
|c Ryan Gunderson.
|
| 264 |
|
|
|a Abingdon, Oxon:
|b Routledge,
|c 2020.
|
| 300 |
|
|
|a 1 online resource (132 pages):
|b text file, PDF.
|
| 336 |
|
|
|a text
|2 rdacontent
|
| 337 |
|
|
|a computer
|2 rdamedia
|
| 338 |
|
|
|a online resource
|2 rdacarrier
|
| 490 |
0 |
|
|a Classical and contemporary social theory
|
| 650 |
|
0 |
|a Sociology --
|x Methodology
|
| 650 |
|
0 |
|a Sociology --
|x Philosophy
|
| 655 |
|
0 |
|a Electronic books
|
| 856 |
4 |
2 |
|u http://library.unisel.edu.my/web/guest/mylibrary
|
| 997 |
|
|
|a Education & Social Sciences, Faculty
|b Social Sciences, Department
|
| 998 |
|
|
|a Industrial Psychology, Degree
|
| 999 |
|
|
|a EBO0012669
|b EBOOK
|c EBOOK
|e Electronic resources
|